|
|
|
|
| LEADER |
00000naa2a2200000 4500 |
| 001 |
90998 |
| 005 |
20231031103830.0 |
| 035 |
|
|
|a (RuTPU)RU\TPU\book\97570
|
| 090 |
|
|
|a 90998
|
| 100 |
|
|
|a 20060218d2002 k y0rusy50 ca
|
| 101 |
0 |
|
|a rus
|
| 102 |
|
|
|a RU
|
| 200 |
1 |
|
|a Система мягкого пуска электропривода запорной аппаратуры
|f Р. С. Осколков
|g науч. рук. А. С. Каракулов
|
| 463 |
|
0 |
|0 (RuTPU)RU\TPU\book\68512
|t Электротехника, электромеханика и электротехнологии
|o Труды Второй региональной научно-практической студенческой конференции, Томск, 4-7 июня 2002 г.
|f Томский политехнический университет; Электротехнический институт
|v С. 48-49.
|d 2002
|p 146 с.
|
| 610 |
1 |
|
|a запорная аппаратура
|
| 610 |
1 |
|
|a электроприводы
|
| 610 |
1 |
|
|a системы пусков
|
| 610 |
1 |
|
|a асинхронные электроприводы
|
| 610 |
1 |
|
|a труды учёных ТПУ
|
| 700 |
|
1 |
|a Осколков
|b Р. С.
|
| 702 |
|
1 |
|a Каракулов
|b А. С.
|4 727
|
| 801 |
|
1 |
|a RU
|b 63413507
|c 20060218
|g PSBO
|
| 801 |
|
2 |
|a RU
|b 63413507
|c 20090731
|g PSBO
|
| 942 |
|
|
|c BK
|